[Event "GER-chB Seniors 27th"]
[Site "Magdeburg"]
[Date "2015.08.15"]
[Round "1"]
[White "Schwichtenberg, Juergen"]
[Black "Leyh, Hans Joachim"]
[Result "0-1"]
[WhiteElo "1780"]
[BlackElo "1777"]
[PlyCount "104"]
[EventDate "2015.08.15"]
[EventType "swiss"]
[EventRounds "9"]
[EventCountry "GER"]
[SourceTitle "EXT 2018"]
[Source "ChessBase"]
[SourceDate "2017.10.13"]
[SourceVersion "1"]
[SourceVersionDate "2017.10.13"]
[SourceQuality "1"]

1. b4 e5 2. Bb2 Bxb4 3. Bxe5 Nf6 4. c4 Nc6 5. Bb2 0-0 6. e3 d5 7. Nf3 Bg4 8. cxd5 Nxd5 9. Be2 Be7 10. 0-0 Bf6 11. d4 Nb6 12. Nbd2 Ne7 13. Ne4 Nbd5 14. Nxf6+ Nxf6 15. Ne5 Bxe2 16. Qxe2 c6 17. a4 Nd7 18. Nd3 Re8 19. Qc2 Nd5 20. Qb3 Qb6 21. Qxb6 N5xb6 22. Rfc1 Nd5 23. Nc5 Nxc5 24. Rxc5 Rab8 25. Bc3 Nxc3 26. Rxc3 Re6 27. g3 g6 28. Rac1 Rd6 29. Kg2 Rd5 30. Rc5 Rxc5 31. Rxc5 f5 32. Kf3 Kf7 33. Kf4 Kf6 34. h4 h6 35. g4 fxg4 36. Kxg4 Rd8 37. Ra5 a6 38. Re5 b5 39. axb5 axb5 40. Rc5 Rd6 41. f4 Ke7 42. f5 gxf5+ 43. Kxf5 Rd5+ 44. Ke4 Rxc5 45. dxc5 Ke6 46. Kd4 h5 47. e4 Kf6 48. Kd3 Ke5 49. Ke3 b4 50. Kd3 b3 51. Kc3 Kxe4 52. Kxb3 Kd4 0-1